[Event "Eastern Asia-ch U16 Girls"]
[Site "Tornelo INT"]
[Date "2021.10.23"]
[Round "4"]
[White "Rhythm, Singhal"]
[Black "Amarathunga, Piyumi Uthpala"]
[Result "1-0"]
[WhiteElo "1281"]
[BlackElo "1002"]
[PlyCount "153"]
[EventDate "2021.10.22"]
[EventType "swiss"]
[EventRounds "9"]
[EventCountry "NET"]
[SourceTitle "EXT 2023"]
[Source "ChessBase"]
[SourceDate "2022.10.05"]
[SourceVersion "1"]
[SourceVersionDate "2022.10.05"]
[SourceQuality "1"]

1. d4 Nf6 2. Nf3 e6 3. a3 d5 4. e3 c5 5. b3 Nc6 6. Bb2 b6 7. Bd3 Bb7 8. Nbd2 Be7 9. 0-0 0-0 10. Ne5 Rc8 11. Rc1 cxd4 12. exd4 Bd6 13. Qf3 Qe7 14. b4 a6 15. Qh3 h6 16. f4 Nd7 17. Rce1 Bxe5 18. fxe5 Qg5 19. Nf3 Qe7 20. Bc1 f6 21. exf6 Rxf6 22. c3 Rcf8 23. Nh4 Rxf1+ 24. Rxf1 Rxf1+ 25. Kxf1 e5 26. Nf5 Qf6 27. Ke2 e4 28. Bc2 Nf8 29. Ne3 Ne7 30. Bd2 Bc6 31. a4 Nfg6 32. Qg3 b5 33. a5 Nf4+ 34. Kd1 Neg6 35. Ng4 Qg5 36. h4 Qe7 37. Bxf4 Nxf4 38. Qxf4 Qxh4 39. Ne3 Qh1+ 40. Kd2 Qh5 41. Qg4 Qe8 42. Bd1 Bb7 43. Be2 Qf7 44. Qg3 Kh7 45. Bg4 Bc6 46. Be6 Qh5 47. Qg4 Qh2 48. Nxd5 Bxd5 49. Bxd5 e3+ 50. Kxe3 Qg1+ 51. Kd3 Qb1+ 52. Ke3 Qc1+ 53. Kf3 Qd1+ 54. Kg3 Qe1+ 55. Kf4 Qd2+ 56. Ke5 Qxc3 57. Qf5+ Kh8 58. Qf8+ Kh7 59. Be4+ g6 60. Qf7+ Kh8 61. Qf6+ Kg8 62. Qxg6+ Kf8 63. Qxh6+ Ke7 64. Qf6+ Kd7 65. Qc6+ Qxc6 66. Bxc6+ Kxc6 67. g4 Kd7 68. g5 Ke7 69. g6 Kf8 70. d5 Kg7 71. d6 Kxg6 72. d7 Kf7 73. d8Q Kg6 74. Qf6+ Kh7 75. Qg5 Kh8 76. Kf6 Kh7 77. Qg7# 1-0

[Event "Eastern Asia-ch U16 Girls"]
[Site "Tornelo INT"]
[Date "2021.10.22"]
[Round "2"]
[White "Rhythm, Singhal"]
[Black "Darshinie, Shanker"]
[Result "1/2-1/2"]
[WhiteElo "1281"]
[BlackElo "1081"]
[PlyCount "117"]
[EventDate "2021.10.22"]
[EventType "swiss"]
[EventRounds "9"]
[EventCountry "NET"]
[SourceTitle "EXT 2023"]
[Source "ChessBase"]
[SourceDate "2022.10.05"]
[SourceVersion "1"]
[SourceVersionDate "2022.10.05"]
[SourceQuality "1"]

1. d4 Nf6 2. Nf3 d5 3. e3 Bg4 4. Nbd2 e6 5. a3 c5 6. b3 Nc6 7. Be2 Be7 8. Bb2 0-0 9. 0-0 Rc8 10. Ne5 Bxe2 11. Qxe2 Nxe5 12. dxe5 Nd7 13. c4 Qc7 14. f4 f6 15. exf6 Bxf6 16. Bxf6 Rxf6 17. Rad1 Nb6 18. g3 Rd8 19. Rc1 a5 20. cxd5 exd5 21. Nf3 Nd7 22. Rfd1 Nf8 23. Qd3 Rfd6 24. Qc2 b6 25. a4 Qe7 26. Qf2 Re6 27. Re1 h6 28. Kh1 Re8 29. Ne5 Nd7 30. Nxd7 Qxd7 31. Kg2 Qe7 32. Kf3 d4 33. Rcd1 dxe3 34. Qe2 Qb7+ 35. Kg4 Rg6+ 36. Kh3 Qc8+ 37. Kg2 Qg4 38. Qxg4 Rxg4 39. Kf3 Rg6 40. Rxe3 Rxe3+ 41. Kxe3 Re6+ 42. Kf3 Kf7 43. h4 h5 44. f5 Rc6 45. Kf4 Kf6 46. Rc1 Rd6 47. Rc3 Rd4+ 48. Ke3 Kxf5 49. Rc4 Rxc4 50. bxc4 Ke5 51. Kd3 g6 52. Ke3 Kf5 53. Kf3 g5 54. hxg5 Kxg5 55. Kf2 Kf5 56. Kf3 Kg5 57. Kf2 Kf6 58. Ke2 Kg5 59. Kf2 1/2-1/2